[Event "SVR-ch Seniors 35th"]
[Site "Nickenich"]
[Date "2012.04.01"]
[Round "3"]
[White "Wohde, Manfred"]
[Black "Welsch, Dieter"]
[Result "0-1"]
[WhiteElo "1423"]
[BlackElo "1633"]
[PlyCount "58"]
[EventDate "2012.03.30"]
[EventType "swiss"]
[EventRounds "7"]
[EventCountry "GER"]
[SourceTitle "EXT 2013"]
[Source "ChessBase"]
[SourceDate "2012.11.22"]
[SourceVersion "1"]
[SourceVersionDate "2012.11.22"]
[SourceQuality "1"]

1. e4 e5 2. Nf3 Nc6 3. d4 exd4 4. Nxd4 Qf6 5. Be3 Bc5 6. c3 a6 7. f4 d6 8. Qd2 Nge7 9. b4 Ba7 10. Be2 Qg6 11. Bf3 Bg4 12. Qe2 Bxf3 13. gxf3 Qf6 14. Qf2 Bxd4 15. Bxd4 Nxd4 16. cxd4 Qxf4 17. Nd2 Nc6 18. a3 0-0 19. Rc1 Rad8 20. Rg1 Rfe8 21. Rg4 Qf6 22. Rc4 d5 23. Rxc6 Qxc6 24. Kd1 Qc3 25. Nb1 Qb3+ 26. Kc1 Re6 27. exd5 Qxd5 28. Nc3 Qb3 29. Nb1 Rc6+ 0-1

[Event "SVR-ch Seniors 35th"]
[Site "Nickenich"]
[Date "2012.03.31"]
[Round "2"]
[White "Burg, Ernst"]
[Black "Wohde, Manfred"]
[Result "1-0"]
[WhiteElo "1727"]
[BlackElo "1423"]
[PlyCount "95"]
[EventDate "2012.03.30"]
[EventType "swiss"]
[EventRounds "7"]
[EventCountry "GER"]
[SourceTitle "EXT 2013"]
[Source "ChessBase"]
[SourceDate "2012.11.22"]
[SourceVersion "1"]
[SourceVersionDate "2012.11.22"]
[SourceQuality "1"]

1. e4 c5 2. Bc4 d6 3. Nc3 e6 4. d3 Nf6 5. Bg5 Nbd7 6. f4 Be7 7. Nge2 a6 8. a4 Qc7 9. 0-0 0-0 10. Ng3 Nb6 11. Ba2 h6 12. Bxf6 Bxf6 13. f5 Bxc3 14. bxc3 Nxa4 15. Qd2 b5 16. f6 g5 17. h4 d5 18. Rf3 Qe5 19. d4 cxd4 20. cxd4 Qc7 21. hxg5 Kh7 22. e5 Rg8 23. gxh6 Rg6 24. c3 Bb7 25. Bb1 Rag8 26. Nh5 Kh8 27. Bxg6 Rxg6 28. Rh3 Qd8 29. Ng7 Nb6 30. h7 Nc4 31. Qc1 a5 32. Nh5 Qf8 33. Nf4 Rh6 34. Nd3 Rxh7 35. Rxh7+ Kxh7 36. Nc5 Bc8 37. Kf2 Qg8 38. Qc2+ Qg6 39. Rh1+ Kg8 40. Qxg6+ fxg6 41. Rh6 b4 42. cxb4 axb4 43. Rxg6+ Kf7 44. Rg7+ Kf8 45. Rc7 Ba6 46. Nxa6 b3 47. Rb7 b2 48. Nc5 1-0

[Event "SVR-op 33rd"]
[Site "Mendig"]
[Date "2010.03.27"]
[Round "1"]
[White "Wohde, Manfred"]
[Black "Schloetter, Hermann"]
[Result "0-1"]
[WhiteElo "1429"]
[BlackElo "1748"]
[PlyCount "64"]
[EventDate "2010.03.27"]
[EventType "swiss"]
[EventRounds "7"]
[EventCountry "GER"]
[SourceTitle "EXT 2011"]
[Source "ChessBase"]
[SourceDate "2010.11.26"]
[SourceVersion "1"]
[SourceVersionDate "2010.11.26"]
[SourceQuality "1"]

1. e4 c5 2. Nf3 d6 3. d4 cxd4 4. Nxd4 Nf6 5. Nc3 a6 6. Be2 e6 7. Be3 Qc7 8. 0-0 b5 9. Rc1 b4 10. Nb1 Nxe4 11. Bf3 Bb7 12. c3 Qd7 13. cxb4 Be7 14. Qc2 d5 15. a3 0-0 16. Qc7 Bd6 17. Qxd7 Nxd7 18. Bxe4 dxe4 19. Nb3 Ne5 20. Bc5 Rfd8 21. Bxd6 Rxd6 22. Nc5 Bd5 23. Nd2 e3 24. Nde4 Bxe4 25. Nxe4 Rd4 26. Nc5 e2 27. Rfe1 Rad8 28. f3 Rd1 29. Kf2 R8d2 30. Ne4 Nd3+ 31. Ke3 Nxc1 32. Nxd2 Rxe1 0-1

[Event "SVR-op 31th"]
[Site "Idar Oberstein"]
[Date "2008.03.15"]
[Round "1"]
[White "Wohde, Manfred"]
[Black "Sydorenko, Sascha"]
[Result "0-1"]
[WhiteElo "1462"]
[BlackElo "1767"]
[PlyCount "68"]
[EventDate "2008.03.15"]
[EventType "tourn"]
[EventRounds "7"]
[EventCountry "GER"]
[SourceTitle "EXT 2009"]
[Source "ChessBase"]
[SourceDate "2008.11.26"]
[SourceVersion "1"]
[SourceVersionDate "2008.11.26"]
[SourceQuality "1"]

1. e4 c5 2. Nf3 e6 3. d4 cxd4 4. Nxd4 Nf6 5. Bd3 d6 6. 0-0 Be7 7. Nc3 a6 8. a4 0-0 9. Be3 Qc7 10. f4 Nc6 11. Nxc6 bxc6 12. a5 c5 13. Qe2 Bb7 14. Bd2 d5 15. e5 Nd7 16. Qg4 g6 17. h4 c4 18. Be2 d4 19. Nd1 h5 20. Qg3 Kh7 21. Nf2 Rac8 22. Nh3 Bd5 23. Ng5+ Bxg5 24. hxg5 Nc5 25. Bb4 Ne4 26. Qa3 Rfd8 27. Bf3 Qb7 28. Bxe4 Bxe4 29. Rf2 d3 30. cxd3 Rxd3 31. Bc3 Rg3 32. Rd1 Bxg2 33. Kh2 Rh3+ 34. Kg1 Rh1# 0-1